Aantomía de los animales domésticos : (Registro nro. 35947)

Detalles MARC
000 -CABECERA
Longitud fija campo de control 00869nam a2200229 4500
003 - • IDENTIFICADOR DELl NÚMERO DE CONTROL
Identificador del número de control CO-ViMGA
020 ## - • NÚMERO INTERNACIONAL NORMALIZADO PARA LIBROS
Número Internacional Normalizado para Libros (ISBN) 9788498354713
040 ## - FUENTE DE LA CATALOGACIÓN
Centro catalogador de origen CO-ViMGA
Lengua de catalogación spa
Centro transcriptor CO-ViMGA
082 04 - • NÚMERO DE LA CLASIFICACIÓN DECIMAL DEWEY
Número de clasificación (R) R591.4
Número del ítem A61a
245 10 - • TITULO PROPIAMENTE DICHO
Título Aantomía de los animales domésticos :
Resto del título Órganos, sistema circulatorio y sistema nervioso.Texto y atlas en color
250 ## - • MENCIÓN DE EDICIÓN
Mención de edición 2 ed.
300 ## - • DESCRIPCIÓN FÍSICA
Extensión il.; fotografias a color
Otras características físicas 24 cm
500 ## - • NOTA GENERAL
Nota general Incluye índice
501 ## - • NOTA DE "CON"
Nota de "Con" Tomo I : aparato locomotor.; Tomo II : Órganos, sistema circulatorio y sistema nervioso.
504 ## - • NOTA DE BIBLIOGRAFÍA, ETC
Nota de bibliografía, etc. Incluye bibliografía
650 14 - • PUNTO DE ACCESO ADICIONAL DE MATERIA - TÉRMINO DE MATERIA
Término de materia o nombre geográfico como elemento inicial Anatomía veterinaria
Subdivisión de forma Sistema circulatorio
650 14 - • PUNTO DE ACCESO ADICIONAL DE MATERIA - TÉRMINO DE MATERIA
Término de materia o nombre geográfico como elemento inicial Anatomía
Subdivisión de forma Aparato locomotor
700 1# - • PUNTO DE ACCESO ADICIONAL - NOMBRE DE PERSONA
Nombre de persona Munich, Hans-Georg Liebich
Término indicativo de función dir.
700 1# - • PUNTO DE ACCESO ADICIONAL - NOMBRE DE PERSONA
Nombre de persona Viena, Horst Erich König
Término indicativo de función dir.
942 ## - ENTRADA DE ELEMENTOS AGREGADOS (KOHA)
Koha [por defecto] tipo de item Libro Referencia
Existencias
Perdido Fuente de clasificación o esquema Estado Físico Restricciones de uso No para préstamo Forma de adquisición Localización permanente Localización actual Fecha adquisición Coste, precio normal de compra Serie de enumeración / cronolog&íacute;a Préstamos totales Signatura completa Código de barras Fecha última consulta Número de copia Fecha del precio de reemplazo Tipo de item de Koha
  Dewey Decimal Classification   Restricted Access   Sala General Segundo Piso Biblioteca Pública Germán Arciniegas - Villavicencio Biblioteca Pública Germán Arciniegas - Villavicencio 09/02/2016 298333.00 Tomo. II   R591.4 A61a 30393 09/02/2016 Ej.1 09/02/2016 Libro Referencia
  Dewey Decimal Classification   Restricted Access   Sala General Segundo Piso Biblioteca Pública Germán Arciniegas - Villavicencio Biblioteca Pública Germán Arciniegas - Villavicencio 09/02/2016 298333.00 Tomo. I   R591.4 A61a 30400 09/02/2016 Ej. 1 09/02/2016 Libro Referencia









Instituto Departamental de Cultura del Meta - Red Departamental de Bibliotecas Públicas del Meta.